000 00637nab a2200181 4500
001 244442
003 OSt
005 20230731113234.0
007 tu
008 200917s2020|||||||
040 _aDE-2950
_cDE-2950
245 0 0 _aZirkus aus Wiesenau tritt endlich im Kleistforum auf.
_bTheater. Der Wiesenauer Kinder- und Jugendzirkus Fantadu hat lange auf die gewohnten Auftritt in Frankfurt warten müssen/
_cHagen Bernard
264 _c2023
653 _aFrankfurt (Oder) - Wiesenau
653 _aKinder- und Jugendzirkus
773 0 _g34. Jahrgang (2023) Nr. 164 vom 17.07.2023, S. 14, mit Foto
_tMärkische Oderzeitung
942 _2z
_cA
999 _c372644
_d372644